| 000 | 00602nam a2200217Ia 4500 | ||
|---|---|---|---|
| 008 | 101110s9999 xx 000 0 und d | ||
| 041 | _aENGLISH | ||
| 082 | _bSR26752 | ||
| 100 | _aLaxmeshwar N.B., Malushte S.M., Kulkarni V.M. and others | ||
| 245 | _aConcepts in physical chemistry (TYBSc) | ||
| 260 |
_c2004 _bChetana Pub., Mumbai |
||
| 300 | _a458 | ||
| 365 | _b110 | ||
| 520 | _aChemistry | ||
| 546 | _aENGLISH | ||
| 630 | _aConcepts in physical chemistry (TYBSc) | ||
| 650 | _aChemistry | ||
| 655 | _aChemistry | ||
| 730 | _aConcepts in physical chemistry (TYBSc) | ||
| 942 | _cBOOK | ||
| 999 |
_c819318 _d819315 |
||